Movies Quiz

Random Movies or Box Office Quiz

Top Grossing Movies Per Sport Quiz Stats

Quiz Updated Mar 9, 2015

Challenge
Share
Tweet
Embed
Score 0/40 Timer 06:00
0 Plays Today
Sport Movie % Correct
BoxingRocky
90.8%
FootballThe Blind Side
86.7%
BoxingRocky III
84.7%
BoxingRocky IV
83.3%
BasketballSpace Jam
82.5%
GolfHappy Gilmore
80%
BaseballMoneyball
78.4%
HockeyThe Mighty Ducks
78.4%
FootballThe Waterboy
76.1%
BaseballA League of Their Own
70.7%
FootballRemember the Titans
70.4%
BaseballField of Dreams
69.8%
BoxingMillion Dollar Baby
69.4%
HockeyD2: The Mighty Ducks
69.3%
GolfCaddyshack
68.9%
FootballThe Longest Yard
67.6%
SoccerBend It Like Beckham
62.8%
BoxingThe Fighter
61.4%
HockeyMiracle
61%
OlympicsMiracle
61%
Sport Movie % Correct
FootballAny Given Sunday
57.9%
BaseballThe Rookie
55.9%
GolfTin Cup
55%
BasketballWhite Men Can't Jump
54.9%
OlympicsBlades of Glory
53.3%
SoccerKicking and Screaming
51.6%
GolfThe Legend of Bagger Vance
50.2%
BasketballCoach Carter
49.7%
OlympicsCool Runnings
48.2%
BasketballLike Mike
45.7%
SoccerShe's the Man
34.6%
HockeyTooth Fairy
31%
HockeyThe Love Guru
29.1%
Baseball42
28.5%
SoccerLadybugs
26.8%
GolfThe Greatest Game Ever Played
23.2%
BasketballGlory Road
19.1%
OlympicsChariots of Fire
18.3%
OlympicsThe Cutting Edge
9.8%
SoccerThe Big Green
9.5%

You're not logged in!

Compare scores with friends on all Sporcle quizzes.
Sign Up with Email
OR
Log In

You Might Also Like...

Show Comments

Extras

Top Quizzes Today


Score Distribution

Your Account Isn't Verified!

In order to create a playlist on Sporcle, you need to verify the email address you used during registration. Go to your Sporcle Settings to finish the process.

Report this User

Report this user for behavior that violates our Community Guidelines.

Details: